EDN.

Bibliographic Details
Previous Title:Electrical design news
EEE
Format: Journal
Language:English
Published: Englewood, Colo. : Rogers Pub. Co.
Subjects:
Online Availability: Check for online availability

MARC

Tag First Indicator Second Indicator Subfields
LEADER 00000cas a2200000 a 4500
001 in00000040708
005 20151007064628.0
008 750824d19612013mauen p 0 a0eng d
010 |a  92644716   |z sc 79002560   |z sn 79007295  
016 7 |a 9877957  |2 DNLM 
016 7 |a E01660000  |2 DNLM 
019 |a 2320250  |a 2323779  |a 2324052 
022 0 |a 0012-7515  |2 1 
029 1 |a NLM  |b 9877957 
030 |a EDNSBH 
032 |a 074090  |b USPS 
035 |a (OCoLC)ocm02623794 
035 |9 AAE0264AM 
037 |b Cahners Publishing Co., 44 Cook St., Denver, CO 80206 
040 |a NSD  |c NSD  |d DLC  |d OCL  |d RCS  |d AIP  |d NSD  |d AIP  |d NSD  |d OCL  |d NST  |d NSD  |d NST  |d DLC  |d NST  |d HUL  |d NST  |d DLC  |d NST  |d NSD  |d OCL  |d NLM  |d OCLCQ  |d CDS  |d DLC  |d UtOrBLW 
042 |a nsdp  |a lc 
049 |a TXAM 
050 0 0 |a TK1  |b .E266 
210 0 |a EDN 
222 0 |a EDN 
245 0 0 |a EDN. 
246 3 |a Electrical design news 
246 1 3 |a EDN, Electrical design news  |f 1961-65 
246 1 3 |a EDN/EEE  |f May 15, 1971-Apr. 15, 1972 
246 1 3 |a EDN with EEE  |f May 1, 1972- 
264 1 |a Englewood, Colo. :  |b Rogers Pub. Co. 
300 |a volumes :  |b illustrations ;  |c 29 cm. 
310 |a Biweekly,  |b <2004-> 
321 |a Semimonthly, with 2 extra issues a month, except Mar. and Oct. which have 3 extra issues, and July and Dec., which have 1 extra issue 
321 |a Frequency varies 
336 |a text  |b txt  |2 rdacontent 
337 |a unmediated  |b n  |2 rdamedia 
338 |a volume  |b nc  |2 rdacarrier 
362 1 |a Began with v. 6, no. 3 in 1961; ceased with: Vol. 58, no. 6 (June 2013). 
500 |a Issued also in an international edition <Jan. 10. 1985- > and European edition <Dec. 10., 1992- > which differ only in advertising. 
500 |a Issues for <Nov. 7, 1991- > called: Magazine edition. 
500 |a Issues for <Nov. 7, 1991- > published: Newton, MA : Cahners Pub. Co.; -June 2013 published: Manhassett, NY : UBM Tech. 
525 |a Supplements accompany some issues. 
525 |a Has supplement called: Power technology. Also has numbered supplements called: Power designer, Signal path designer, and: Analog edge, which are bound with the issues they accompany. 
588 |a Description based on: Vol. 10, no. 4 (Apr. 1965); title from cover. 
588 |a Latest issue consulted: Vol. 58, no. 6 (June 2013). 
650 0 |a Electrical engineering  |v Periodicals. 
650 0 |a Electronics  |v Periodicals. 
740 0 |a Power technology 
740 0 |a Power designer 
740 0 |a Signal path designer 
740 0 |a Analog edge 
776 0 8 |i Online version:  |t EDN (Online)  |x 2163-4084  |w (DLC) 2011200819  |w (OCoLC)60627192 
780 0 0 |t Electrical design news  |x 0364-6637  |w (DLC) 57044645  |w (OCoLC)2621275 
780 0 5 |t EEE  |g May 15, 1971  |x 0012-7582  |w (DLC) 55027508  |w (OCoLC)7664487 
850 |a AU  |a AzTeS  |a CU  |a CaMWU  |a CaOLU  |a CaOOM  |a CaOTU  |a CaQMU  |a CaSSU  |a CoU  |a DLC  |a DeU  |a FU  |a ICRL  |a KMK  |a KPT  |a KyLoU  |a LNT  |a MBU  |a MiDW  |a MnU  |a NRU  |a NSyU  |a NcU  |a OrCS  |a PPi  |a PPiC  |a RPB-S  |a ViBlbV  |a WM 
891 2 0 |9 853  |8 1  |a v.  |b no.  |u 24  |v r  |i (year)  |j (month)  |k (day)  |w e 
891 4 1 |9 863  |8 1.1  |a <49 >  |b <15 >  |i <2004 >  |j <07 >  |k <22 > 
936 |a Vol. 36, no. 23B (Nov. 7, 1991) LIC 
994 |a C0  |b TXA 
949 |a updated  |b h  |c 2013/11/6  |e coplinger  |f 11:01:48 am 
999 |a MARS 
999 f f |s 6ee13083-c1a4-325d-9efd-81c3df04bcc3  |i 657f8843-3fe6-3124-b379-812e0af28ac7  |t 0 
952 f f |a Texas A&M University  |b College Station  |c Sterling C. Evans Library  |d Evans: Library Stacks  |e TK1 .E266  |h Library of Congress classification  |i unmediated -- volume  |k v.43:no.1-2  |l 1998:Jan.  |m A14823625876  |p serial  |s Evans stk  |t 0 
952 f f |a Texas A&M University  |b College Station  |c Sterling C. Evans Library  |d Evans: Library Stacks  |e TK1 .E266  |h Library of Congress classification  |i unmediated -- volume  |k v.47:no.5-9  |l 2002:Mar.7-Apr.18  |m A14829651370  |p serial  |s Evans stk  |t 0 
952 f f |a Texas A&M University  |b College Station  |c Sterling C. Evans Library  |d Evans: Library Stacks  |e TK1 .E266  |h Library of Congress classification  |i unmediated -- volume  |k v.38:no.4-6  |l 1993:Feb.18-Mar.18  |m A14817930425  |p serial  |s Evans stk  |t 0 
952 f f |a Texas A&M University  |b College Station  |c Sterling C. Evans Library  |d Evans: Library Stacks  |e TK1 .E266  |h Library of Congress classification  |i unmediated -- volume  |k v.36:no.25-26  |l 1991  |m A14815527080  |p serial  |s Evans stk  |t 0 
952 f f |a Texas A&M University  |b College Station  |c Sterling C. Evans Library  |d Evans: Library Stacks  |e TK1 .E266  |h Library of Congress classification  |i unmediated -- volume  |k v.38:no.16-18  |l 1993:Aug.5-Sept.2  |m A14817930221  |p serial  |s Evans stk  |t 0 
952 f f |a Texas A&M University  |b College Station  |c Sterling C. Evans Library  |d Evans: Library Stacks  |e TK1 .E266  |h Library of Congress classification  |i unmediated -- volume  |k v.39:no.4-6  |l 1994:Feb.17-Mar.17  |m A14818401869  |p serial  |s Evans stk  |t 0 
952 f f |a Texas A&M University  |b College Station  |c Sterling C. Evans Library  |d Evans: Library Stacks  |e TK1 .E266  |h Library of Congress classification  |i unmediated -- volume  |k v.41:no.10-12  |l 1996:May 9-June 6  |m A14820113464  |p serial  |s Evans stk  |t 0 
952 f f |a Texas A&M University  |b College Station  |c Sterling C. Evans Library  |d Evans: Library Stacks  |e TK1 .E266  |h Library of Congress classification  |i unmediated -- volume  |k v.43:no.18-19  |l 1998:Sept.  |m A14823514300  |p serial  |s Evans stk  |t 0 
952 f f |a Texas A&M University  |b College Station  |c Sterling C. Evans Library  |d Evans: Library Stacks  |e TK1 .E266  |h Library of Congress classification  |i unmediated -- volume  |k v.46:no.27-28  |l 2001:Dec.6-20  |m A14830648801  |p serial  |s Evans stk  |t 0 
952 f f |a Texas A&M University  |b College Station  |c Sterling C. Evans Library  |d Evans: Library Stacks  |e TK1 .E266  |h Library of Congress classification  |i unmediated -- volume  |k v.35:no.16-18  |l 1990  |m A14812962647  |p serial  |s Evans stk  |t 0 
952 f f |a Texas A&M University  |b College Station  |c Sterling C. Evans Library  |d Evans: Library Stacks  |e TK1 .E266  |h Library of Congress classification  |i unmediated -- volume  |k v.45:no.12-13  |l 2000:June  |m A14827256190  |p serial  |s Evans stk  |t 0 
952 f f |a Texas A&M University  |b College Station  |c Sterling C. Evans Library  |d Evans: Library Stacks  |e TK1 .E266  |h Library of Congress classification  |i unmediated -- volume  |k v.57:no.10-14  |l 2012:May 24-Aug.  |m A14842050875  |p serial  |s Evans stk  |t 0 
952 f f |a Texas A&M University  |b College Station  |c Sterling C. Evans Library  |d Evans: Library Stacks  |e TK1 .E266  |h Library of Congress classification  |i unmediated -- volume  |k v.31:no.7-9  |l 1986  |m A14812144150  |p serial  |s Evans stk  |t 0 
952 f f |a Texas A&M University  |b College Station  |c Sterling C. Evans Library  |d Evans: Library Stacks  |e TK1 .E266  |h Library of Congress classification  |i unmediated -- volume  |k v.49:no.7-9  |l 2004:Apr.1-29  |m A14832196949  |p serial  |s Evans stk  |t 0 
952 f f |a Texas A&M University  |b College Station  |c Sterling C. Evans Library  |d Evans: Library Stacks  |e TK1 .E266  |h Library of Congress classification  |i unmediated -- volume  |k v.40:no.4-6  |l 1995  |m A14819031625  |p serial  |s Evans stk  |t 0 
952 f f |a Texas A&M University  |b College Station  |c Sterling C. Evans Library  |d Evans: Library Stacks  |e TK1 .E266  |h Library of Congress classification  |i unmediated -- volume  |k v.43:no.3-4  |l 1998:Feb.  |m A14823625923  |p serial  |s Evans stk  |t 0 
952 f f |a Texas A&M University  |b College Station  |c Sterling C. Evans Library  |d Evans: Library Stacks  |e TK1 .E266  |h Library of Congress classification  |i unmediated -- volume  |k v.39:no.2:Suppl.  |l 1994:Jan.20  |m A14818401178  |p serial  |s Evans stk  |t 0 
952 f f |a Texas A&M University  |b College Station  |c Sterling C. Evans Library  |d Evans: Library Stacks  |e TK1 .E266  |h Library of Congress classification  |i unmediated -- volume  |k v.38:no.19-21  |l 1993:Sept.16-Oct.14  |m A14817930174  |p serial  |s Evans stk  |t 0 
952 f f |a Texas A&M University  |b College Station  |c Sterling C. Evans Library  |d Evans: Library Stacks  |e TK1 .E266  |h Library of Congress classification  |i unmediated -- volume  |k v.34:no.16-17  |l 1989  |m A14812033406  |p serial  |s Evans stk  |t 0 
952 f f |a Texas A&M University  |b College Station  |c Sterling C. Evans Library  |d Evans: Library Stacks  |e TK1 .E266  |h Library of Congress classification  |i unmediated -- volume  |k v.49:no.21-26  |l 2004:Oct.14-Dec.17  |m A14833683981  |p serial  |s Evans stk  |t 0 
952 f f |a Texas A&M University  |b College Station  |c Sterling C. Evans Library  |d Evans: Library Stacks  |e TK1 .E266  |h Library of Congress classification  |i unmediated -- volume  |k v.41:no.4-6  |l 1996:Feb.15-Mar.14  |m A14820113480  |p serial  |s Evans stk  |t 0 
952 f f |a Texas A&M University  |b College Station  |c Sterling C. Evans Library  |d Evans: Library Stacks  |e TK1 .E266  |h Library of Congress classification  |i unmediated -- volume  |k v.53:issue 7-13  |l 2008:Apr. 3-June 26  |m A14834745639  |p serial  |s Evans stk  |t 0 
952 f f |a Texas A&M University  |b College Station  |c Sterling C. Evans Library  |d Evans: Library Stacks  |e TK1 .E266  |h Library of Congress classification  |i unmediated -- volume  |k v.57:no.15-18  |l 2012:Sept.-Dec.  |m A14842050883  |p serial  |s Evans stk  |t 0 
952 f f |a Texas A&M University  |b College Station  |c Sterling C. Evans Library  |d Evans: Library Stacks  |e TK1 .E266  |h Library of Congress classification  |i unmediated -- volume  |k v.46:no.1-2  |l 2001:Jan.  |m A14827934196  |p serial  |s Evans stk  |t 0 
952 f f |a Texas A&M University  |b College Station  |c Sterling C. Evans Library  |d Evans: Library Stacks  |e TK1 .E266  |h Library of Congress classification  |i unmediated -- volume  |k v.45:no.18-20  |l 2000:Sept.  |m A14827935249  |p serial  |s Evans stk  |t 0 
952 f f |a Texas A&M University  |b College Station  |c Sterling C. Evans Library  |d Evans: Library Stacks  |e TK1 .E266  |h Library of Congress classification  |i unmediated -- volume  |k v.42:no.24-26  |l 1997:Nov.20-Dec.  |m A14822160679  |p serial  |s Evans stk  |t 0 
952 f f |a Texas A&M University  |b College Station  |c Sterling C. Evans Library  |d Evans: Library Stacks  |e TK1 .E266  |h Library of Congress classification  |i unmediated -- volume  |k v.39:no.19-21  |l 1994:Sept.15-Oct.13  |m A14818401128  |p serial  |s Evans stk  |t 0 
952 f f |a Texas A&M University  |b College Station  |c Sterling C. Evans Library  |d Evans: Library Stacks  |e TK1 .E266  |h Library of Congress classification  |i unmediated -- volume  |k v.48:no.5-9  |l 2003:Mar.6-Apr.24  |m A14830648762  |p serial  |s Evans stk  |t 0 
952 f f |a Texas A&M University  |b College Station  |c Sterling C. Evans Library  |d Evans: Library Stacks  |e TK1 .E266  |h Library of Congress classification  |i unmediated -- volume  |k v.41:no.18-20  |l 1996:Sept.  |m A14821237287  |p serial  |s Evans stk  |t 0 
952 f f |a Texas A&M University  |b College Station  |c Sterling C. Evans Library  |d Evans: Library Stacks  |e TK1 .E266  |h Library of Congress classification  |i unmediated -- volume  |k v.39:no.7-9  |l 1994:Mar.31-Apr.28  |m A14818401916  |p serial  |s Evans stk  |t 0 
952 f f |a Texas A&M University  |b College Station  |c Sterling C. Evans Library  |d Evans: Library Stacks  |e TK1 .E266  |h Library of Congress classification  |i unmediated -- volume  |k v.51:no.8-13  |l 2006:Apr. 13-June 22  |m A14834636157  |p serial  |s Evans stk  |t 0 
952 f f |a Texas A&M University  |b College Station  |c Sterling C. Evans Library  |d Evans: Library Stacks  |e TK1 .E266  |h Library of Congress classification  |i unmediated -- volume  |k v.35:no.19-21  |l 1990  |m A14812962697  |p serial  |s Evans stk  |t 0 
952 f f |a Texas A&M University  |b College Station  |c Sterling C. Evans Library  |d Evans: Library Stacks  |e TK1 .E266  |h Library of Congress classification  |i unmediated -- volume  |k v.40:no.13-15  |l 1995:June-July  |m A14819340846  |p serial  |s Evans stk  |t 0 
952 f f |a Texas A&M University  |b College Station  |c Sterling C. Evans Library  |d Evans: Library Stacks  |e TK1 .E266  |h Library of Congress classification  |i unmediated -- volume  |k v.45:no.5-7  |l 2000:Mar  |m A14827256116  |p serial  |s Evans stk  |t 0 
952 f f |a Texas A&M University  |b College Station  |c Sterling C. Evans Library  |d Evans: Library Stacks  |e TK1 .E266  |h Library of Congress classification  |i unmediated -- volume  |k v.43:no.25-26  |l 1998:Dec.  |m A14824908861  |p serial  |s Evans stk  |t 0 
952 f f |p serial  |a Texas A&M University  |b College Station  |c Sterling C. Evans Library  |s Evans stk  |d Evans: Library Stacks  |t 0  |e TK1 .E266  |h Library of Congress classification  |i unmediated -- volume  |l 1997:Dec.:Suppl  |m A14823627739 
952 f f |a Texas A&M University  |b College Station  |c Sterling C. Evans Library  |d Evans: Library Stacks  |e TK1 .E266  |h Library of Congress classification  |i unmediated -- volume  |k v.38:no.1-3  |l 1993:Jan.7-Feb.4  |m A14817930475  |p serial  |s Evans stk  |t 0 
952 f f |a Texas A&M University  |b College Station  |c Sterling C. Evans Library  |d Evans: Library Stacks  |e TK1 .E266  |h Library of Congress classification  |i unmediated -- volume  |k v.44:no.26  |l 1999:Dec.23  |m A14825983000  |p serial  |s Evans stk  |t 0 
952 f f |a Texas A&M University  |b College Station  |c Sterling C. Evans Library  |d Evans: Library Stacks  |e TK1 .E266  |h Library of Congress classification  |i unmediated -- volume  |k v.31:no.16-18  |l 1986  |m A14813072259  |p serial  |s Evans stk  |t 0 
952 f f |a Texas A&M University  |b College Station  |c Sterling C. Evans Library  |d Evans: Library Stacks  |e TK1 .E266  |h Library of Congress classification  |i unmediated -- volume  |k v.48:no.10-14  |l 2003:May 1-June 26  |m A14830649001  |p serial  |s Evans stk  |t 0 
952 f f |a Texas A&M University  |b College Station  |c Sterling C. Evans Library  |d Evans: Library Stacks  |e TK1 .E266  |h Library of Congress classification  |i unmediated -- volume  |k v.55:no.20-24  |l 2010:Oct.21-Dec.15  |m A14842050966  |p serial  |s Evans stk  |t 0 
952 f f |a Texas A&M University  |b College Station  |c Sterling C. Evans Library  |d Evans: Library Stacks  |e TK1 .E266  |h Library of Congress classification  |i unmediated -- volume  |k v.43:no.23-24  |l 1998:Nov.  |m A14824908879  |p serial  |s Evans stk  |t 0 
952 f f |a Texas A&M University  |b College Station  |c Sterling C. Evans Library  |d Evans: Library Stacks  |e TK1 .E266  |h Library of Congress classification  |i unmediated -- volume  |k v.45:no.14-15  |l 2000:July  |m A14827256271  |p serial  |s Evans stk  |t 0 
952 f f |a Texas A&M University  |b College Station  |c Sterling C. Evans Library  |d Evans: Library Stacks  |e TK1 .E266  |h Library of Congress classification  |i unmediated -- volume  |k v.36:no.11-13  |l 1991  |m A14815161096  |p serial  |s Evans stk  |t 0 
952 f f |a Texas A&M University  |b College Station  |c Sterling C. Evans Library  |d Evans: Library Stacks  |e TK1 .E266  |h Library of Congress classification  |i unmediated -- volume  |k v.41:no.16-17  |l 1996:Aug.  |m A14821237114  |p serial  |s Evans stk  |t 0 
952 f f |a Texas A&M University  |b College Station  |c Sterling C. Evans Library  |d Evans: Library Stacks  |e TK1 .E266  |h Library of Congress classification  |i unmediated -- volume  |k v.34:no.7-9  |l 1989  |m A14811850253  |p serial  |s Evans stk  |t 0 
952 f f |a Texas A&M University  |b College Station  |c Sterling C. Evans Library  |d Evans: Library Stacks  |e TK1 .E266  |h Library of Congress classification  |i unmediated -- volume  |k v.42:no.1-2  |l 1997:Jan.  |m A14821237122  |p serial  |s Evans stk  |t 0 
952 f f |a Texas A&M University  |b College Station  |c Sterling C. Evans Library  |d Evans: Library Stacks  |e TK1 .E266  |h Library of Congress classification  |i unmediated -- volume  |k v.40:no.7-9  |l 1995:Mar.30-Apr.27  |m A14819170403  |p serial  |s Evans stk  |t 0 
952 f f |a Texas A&M University  |b College Station  |c Sterling C. Evans Library  |d Evans: Library Stacks  |e TK1 .E266  |h Library of Congress classification  |i unmediated -- volume  |k v.36:no.14-16  |l 1991  |m A14815161486  |p serial  |s Evans stk  |t 0 
952 f f |a Texas A&M University  |b College Station  |c Sterling C. Evans Library  |d Evans: Library Stacks  |e TK1 .E266  |h Library of Congress classification  |i unmediated -- volume  |k v.46:no.17-20  |l 2001:Aug.2-Sept.13  |m A14828188324  |p serial  |s Evans stk  |t 0 
952 f f |a Texas A&M University  |b College Station  |c Sterling C. Evans Library  |d Evans: Library Stacks  |e TK1 .E266  |h Library of Congress classification  |i unmediated -- volume  |k v.31:no.10-12  |l 1986  |m A14812144100  |p serial  |s Evans stk  |t 0 
952 f f |a Texas A&M University  |b College Station  |c Sterling C. Evans Library  |d Evans: Library Stacks  |e TK1 .E266  |h Library of Congress classification  |i unmediated -- volume  |k v.46:no.5-7  |l 2001:Mar.  |m A14827934277  |p serial  |s Evans stk  |t 0 
952 f f |a Texas A&M University  |b College Station  |c Sterling C. Evans Library  |d Evans: Library Stacks  |e TK1 .E266  |h Library of Congress classification  |i unmediated -- volume  |k v.48:no.22-28  |l 2003:Oct.2-Dec.25  |m A14831822301  |p serial  |s Evans stk  |t 0 
952 f f |a Texas A&M University  |b College Station  |c Sterling C. Evans Library  |d Evans: Library Stacks  |e TK1 .E266  |h Library of Congress classification  |i unmediated -- volume  |k v.42:no.18-19  |l 1997:Sept.  |m A14822160572  |p serial  |s Evans stk  |t 0 
952 f f |a Texas A&M University  |b College Station  |c Sterling C. Evans Library  |d Evans: Library Stacks  |e TK1 .E266  |h Library of Congress classification  |i unmediated -- volume  |k v.54:no.7-12  |l 2009:Apr.9-June 25  |m A14839099570  |p serial  |s Evans stk  |t 0 
952 f f |a Texas A&M University  |b College Station  |c Sterling C. Evans Library  |d Evans: Library Stacks  |e TK1 .E266  |h Library of Congress classification  |i unmediated -- volume  |k v.35:no.10-12  |l 1990  |m A14812962540  |p serial  |s Evans stk  |t 0 
952 f f |a Texas A&M University  |b College Station  |c Sterling C. Evans Library  |d Evans: Library Stacks  |e TK1 .E266  |h Library of Congress classification  |i unmediated -- volume  |k v.36:no.8-10  |l 1991  |m A14809057271  |p serial  |s Evans stk  |t 0 
952 f f |a Texas A&M University  |b College Station  |c Sterling C. Evans Library  |d Evans: Library Stacks  |e TK1 .E266  |h Library of Congress classification  |i unmediated -- volume  |k v.33:no.25-26  |l 1988  |m A14811808426  |p serial  |s Evans stk  |t 0 
952 f f |a Texas A&M University  |b College Station  |c Sterling C. Evans Library  |d Evans: Library Stacks  |e TK1 .E266  |h Library of Congress classification  |i unmediated -- volume  |k v.53:no.20-26  |l 2008:Oct.2-Dec. 15  |m A14834766944  |p serial  |s Evans stk  |t 0 
952 f f |a Texas A&M University  |b College Station  |c Sterling C. Evans Library  |d Evans: Library Stacks  |e TK1 .E266  |h Library of Congress classification  |i unmediated -- volume  |k v.52:issue 15-20  |l 2007:July 19-Sept.27  |m A14836406231  |p serial  |s Evans stk  |t 0 
952 f f |a Texas A&M University  |b College Station  |c Sterling C. Evans Library  |d Evans: Library Stacks  |e TK1 .E266  |h Library of Congress classification  |i unmediated -- volume  |k v.31:no.1-3  |l 1986  |m A14817748323  |p serial  |s Evans stk  |t 0 
952 f f |a Texas A&M University  |b College Station  |c Sterling C. Evans Library  |d Evans: Library Stacks  |e TK1 .E266  |h Library of Congress classification  |i unmediated -- volume  |k v.37:no.22-24  |l 1992:Oct.29-Nov.26  |m A14817930572  |p serial  |s Evans stk  |t 0 
952 f f |a Texas A&M University  |b College Station  |c Sterling C. Evans Library  |d Evans: Library Stacks  |e TK1 .E266  |h Library of Congress classification  |i unmediated -- volume  |k v.34:no.12-13  |l 1989  |m A14812032858  |p serial  |s Evans stk  |t 0 
952 f f |a Texas A&M University  |b College Station  |c Sterling C. Evans Library  |d Evans: Library Stacks  |e TK1 .E266  |h Library of Congress classification  |i unmediated -- volume  |k v.45:no.21-22  |l 2000:Oct.  |m A14827935281  |p serial  |s Evans stk  |t 0 
952 f f |a Texas A&M University  |b College Station  |c Sterling C. Evans Library  |d Evans: Library Stacks  |e TK1 .E266  |h Library of Congress classification  |i unmediated -- volume  |k v.36:no.1-4  |l 1991  |m A14814346554  |p serial  |s Evans stk  |t 0 
952 f f |a Texas A&M University  |b College Station  |c Sterling C. Evans Library  |d Evans: Library Stacks  |e TK1 .E266  |h Library of Congress classification  |i unmediated -- volume  |k v.51:no.21-26  |l 2006:Oct.12-Dec.15  |m A14835096295  |p serial  |s Evans stk  |t 0 
952 f f |a Texas A&M University  |b College Station  |c Sterling C. Evans Library  |d Evans: Library Stacks  |e TK1 .E266  |h Library of Congress classification  |i unmediated -- volume  |k v.57:no.6-9  |l 2012:Mar.15-May 10  |m A14850401176  |p serial  |s Evans stk  |t 0 
952 f f |a Texas A&M University  |b College Station  |c Sterling C. Evans Library  |d Evans: Library Stacks  |e TK1 .E266  |h Library of Congress classification  |i unmediated -- volume  |k v.39:no.8:Suppl.  |l 1994:Apr.14  |m A14818401225  |p serial  |s Evans stk  |t 0 
952 f f |a Texas A&M University  |b College Station  |c Sterling C. Evans Library  |d Evans: Library Stacks  |e TK1 .E266  |h Library of Congress classification  |i unmediated -- volume  |k v.39:no.13-15  |l 1994:June 23-July 21  |m A14818402019  |p serial  |s Evans stk  |t 0 
952 f f |a Texas A&M University  |b College Station  |c Sterling C. Evans Library  |d Evans: Library Stacks  |e TK1 .E266  |h Library of Congress classification  |i unmediated -- volume  |k v.34:no.14-15  |l 1989  |m A14812033456  |p serial  |s Evans stk  |t 0 
952 f f |a Texas A&M University  |b College Station  |c Sterling C. Evans Library  |d Evans: Library Stacks  |e TK1 .E266  |h Library of Congress classification  |i unmediated -- volume  |k v.40:no.1-3  |l 1995:Jan.-Feb.  |m A14819031675  |p serial  |s Evans stk  |t 0 
952 f f |a Texas A&M University  |b College Station  |c Sterling C. Evans Library  |d Evans: Library Stacks  |e TK1 .E266  |h Library of Congress classification  |i unmediated -- volume  |k v.35:no.24-26  |l 1990  |m A14812962794  |p serial  |s Evans stk  |t 0 
952 f f |a Texas A&M University  |b College Station  |c Sterling C. Evans Library  |d Evans: Library Stacks  |e TK1 .E266  |h Library of Congress classification  |i unmediated -- volume  |k v.46:no.23-24  |l 2001:Oct.11-25  |m A14828580843  |p serial  |s Evans stk  |t 0 
952 f f |a Texas A&M University  |b College Station  |c Sterling C. Evans Library  |d Evans: Library Stacks  |e TK1 .E266  |h Library of Congress classification  |i unmediated -- volume  |k v.34:no.18-19  |l 1989  |m A14812025665  |p serial  |s Evans stk  |t 0 
952 f f |a Texas A&M University  |b College Station  |c Sterling C. Evans Library  |d Evans: Library Stacks  |e TK1 .E266  |h Library of Congress classification  |i unmediated -- volume  |k v.31:no.22-24  |l 1986  |m A14816379058  |p serial  |s Evans stk  |t 0 
952 f f |a Texas A&M University  |b College Station  |c Sterling C. Evans Library  |d Evans: Library Stacks  |e TK1 .E266  |h Library of Congress classification  |i unmediated -- volume  |k v.38:no.10-12  |l 1993:May 13-June 10  |m A14817930328  |p serial  |s Evans stk  |t 0 
952 f f |a Texas A&M University  |b College Station  |c Sterling C. Evans Library  |d Evans: Library Stacks  |e TK1 .E266  |h Library of Congress classification  |i unmediated -- volume  |k v.34:no.20-21  |l 1989  |m A14812046483  |p serial  |s Evans stk  |t 0 
952 f f |a Texas A&M University  |b College Station  |c Sterling C. Evans Library  |d Evans: Library Stacks  |e TK1 .E266  |h Library of Congress classification  |i unmediated -- volume  |k v.37:no.10-12  |l 1992:May 7-June 4  |m A14817930776  |p serial  |s Evans stk  |t 0 
952 f f |a Texas A&M University  |b College Station  |c Sterling C. Evans Library  |d Evans: Library Stacks  |e TK1 .E266  |h Library of Congress classification  |i unmediated -- volume  |k v.33:no.22  |l 1988  |m A14811713231  |p serial  |s Evans stk  |t 0 
952 f f |a Texas A&M University  |b College Station  |c Sterling C. Evans Library  |d Evans: Library Stacks  |e TK1 .E266  |h Library of Congress classification  |i unmediated -- volume  |k v.41:no.7-9  |l 1996:Mar.28-Apr.25  |m A14820113472  |p serial  |s Evans stk  |t 0 
952 f f |a Texas A&M University  |b College Station  |c Sterling C. Evans Library  |d Evans: Library Stacks  |e TK1 .E266  |h Library of Congress classification  |i unmediated -- volume  |k v.34:no.4-6  |l 1989  |m A14811849820  |p serial  |s Evans stk  |t 0 
952 f f |a Texas A&M University  |b College Station  |c Sterling C. Evans Library  |d Evans: Library Stacks  |e TK1 .E266  |h Library of Congress classification  |i unmediated -- volume  |k v.50:no.14-20  |l 2005:July 7-Sept.29  |m A14832899775  |p serial  |s Evans stk  |t 0 
952 f f |a Texas A&M University  |b College Station  |c Sterling C. Evans Library  |d Evans: Library Stacks  |e TK1 .E266  |h Library of Congress classification  |i unmediated -- volume  |k v.39:no.22-24  |l 1994:Oct.-Nov.  |m A14819029068  |p serial  |s Evans stk  |t 0 
952 f f |a Texas A&M University  |b College Station  |c Sterling C. Evans Library  |d Evans: Library Stacks  |e TK1 .E266  |h Library of Congress classification  |i unmediated -- volume  |k v.36:no.17-19  |l 1991:Aug.-Sept.  |m A14815310611  |p serial  |s Evans stk  |t 0 
952 f f |a Texas A&M University  |b College Station  |c Sterling C. Evans Library  |d Evans: Library Stacks  |e TK1 .E266  |h Library of Congress classification  |i unmediated -- volume  |k v.37:no.25-26  |l 1992:Dec.  |m A14817930522  |p serial  |s Evans stk  |t 0 
952 f f |a Texas A&M University  |b College Station  |c Sterling C. Evans Library  |d Evans: Library Stacks  |e TK1 .E266  |h Library of Congress classification  |i unmediated -- volume  |k v.33:no.7-8  |l 1987  |m A14811384642  |p serial  |s Evans stk  |t 0 
952 f f |a Texas A&M University  |b College Station  |c Sterling C. Evans Library  |d Evans: Library Stacks  |e TK1 .E266  |h Library of Congress classification  |i unmediated -- volume  |k v.47:no.10-14  |l 2002:May 2-June27  |m A14829651419  |p serial  |s Evans stk  |t 0 
952 f f |a Texas A&M University  |b College Station  |c Sterling C. Evans Library  |d Evans: Library Stacks  |e TK1 .E266  |h Library of Congress classification  |i unmediated -- volume  |k v.46:no.15-16  |l 2001:July 5-19  |m A14828188366  |p serial  |s Evans stk  |t 0 
952 f f |a Texas A&M University  |b College Station  |c Sterling C. Evans Library  |d Evans: Library Stacks  |e TK1 .E266  |h Library of Congress classification  |i unmediated -- volume  |k v.34:no.24-26  |l 1989  |m A14812053448  |p serial  |s Evans stk  |t 0 
952 f f |a Texas A&M University  |b College Station  |c Sterling C. Evans Library  |d Evans: Library Stacks  |e TK1 .E266  |h Library of Congress classification  |i unmediated -- volume  |k v.51:no.14-20  |l 2006:July6-Sept.28  |m A14835065901  |p serial  |s Evans stk  |t 0 
952 f f |a Texas A&M University  |b College Station  |c Sterling C. Evans Library  |d Evans: Library Stacks  |e TK1 .E266  |h Library of Congress classification  |i unmediated -- volume  |k v.37:no.7-9  |l 1992:Mar.30-Apr.9  |m A14817930823  |p serial  |s Evans stk  |t 0 
952 f f |a Texas A&M University  |b College Station  |c Sterling C. Evans Library  |d Evans: Library Stacks  |e TK1 .E266  |h Library of Congress classification  |i unmediated -- volume  |k v.37:no.4-6  |l 1992:Feb.17-Mar.13  |m A14815690003  |p serial  |s Evans stk  |t 0 
952 f f |a Texas A&M University  |b College Station  |c Sterling C. Evans Library  |d Evans: Library Stacks  |e TK1 .E266  |h Library of Congress classification  |i unmediated -- volume  |k v.35:no.4-6  |l 1990  |m A14812962443  |p serial  |s Evans stk  |t 0 
952 f f |a Texas A&M University  |b College Station  |c Sterling C. Evans Library  |d Evans: Library Stacks  |e TK1 .E266  |h Library of Congress classification  |i unmediated -- volume  |k v.52:no.12-14  |l 2007:June 7-July 5  |m A14836138537  |p serial  |s Evans stk  |t 0 
952 f f |a Texas A&M University  |b College Station  |c Sterling C. Evans Library  |d Evans: Library Stacks  |e TK1 .E266  |h Library of Congress classification  |i unmediated -- volume  |k v.52:issue 1-7  |l 2007:Jan.4-Mar.29  |m A14835882840  |p serial  |s Evans stk  |t 0 
952 f f |a Texas A&M University  |b College Station  |c Sterling C. Evans Library  |d Evans: Library Stacks  |e TK1 .E266  |h Library of Congress classification  |i unmediated -- volume  |k v.53:no.14-19  |l 2008:July 10-Sept.18  |m A14834766902  |p serial  |s Evans stk  |t 0 
952 f f |a Texas A&M University  |b College Station  |c Sterling C. Evans Library  |d Evans: Library Stacks  |e TK1 .E266  |h Library of Congress classification  |i unmediated -- volume  |k v.39:no.25-26  |l 1994:Dec.  |m A14819029076  |p serial  |s Evans stk  |t 0 
952 f f |a Texas A&M University  |b College Station  |c Sterling C. Evans Library  |d Evans: Library Stacks  |e TK1 .E266  |h Library of Congress classification  |i unmediated -- volume  |k v.36:no.5-7  |l 1991  |m A14814353585  |p serial  |s Evans stk  |t 0 
952 f f |a Texas A&M University  |b College Station  |c Sterling C. Evans Library  |d Evans: Library Stacks  |e TK1 .E266  |h Library of Congress classification  |i unmediated -- volume  |k v.41:no.21-22  |l 1996:Oct.  |m A14821237334  |p serial  |s Evans stk  |t 0 
952 f f |a Texas A&M University  |b College Station  |c Sterling C. Evans Library  |d Evans: Library Stacks  |e TK1 .E266  |h Library of Congress classification  |i unmediated -- volume  |k v.49:no.14-20  |l 2004:July 8-Sept.30  |m A14831498275  |p serial  |s Evans stk  |t 0 
952 f f |a Texas A&M University  |b College Station  |c Sterling C. Evans Library  |d Evans: Library Stacks  |e TK1 .E266  |h Library of Congress classification  |i unmediated -- volume  |k v.42:no.22-23  |l 1997:Oct.23-Nov.6  |m A14822161764  |p serial  |s Evans stk  |t 0 
952 f f |a Texas A&M University  |b College Station  |c Sterling C. Evans Library  |d Evans: Library Stacks  |e TK1 .E266  |h Library of Congress classification  |i unmediated -- volume  |k v.55:no.1-7  |l 2010:Jan.7-Apr.8  |m A14850401168  |p serial  |s Evans stk  |t 0 
952 f f |a Texas A&M University  |b College Station  |c Sterling C. Evans Library  |d Evans: Library Stacks  |e TK1 .E266  |h Library of Congress classification  |i unmediated -- volume  |k v.33:no.5-6  |l 1987  |m A14811385282  |p serial  |s Evans stk  |t 0 
952 f f |a Texas A&M University  |b College Station  |c Sterling C. Evans Library  |d Evans: Library Stacks  |e TK1 .E266  |h Library of Congress classification  |i unmediated -- volume  |k v.44:no.22-25  |l 1999:Nov.-Dec.  |m A14825971037  |p serial  |s Evans stk  |t 0 
952 f f |a Texas A&M University  |b College Station  |c Sterling C. Evans Library  |d Evans: Library Stacks  |e TK1 .E266  |h Library of Congress classification  |i unmediated -- volume  |k v.38:no.7-9  |l 1993:Mar.31-Apr.29  |m A14817930378  |p serial  |s Evans stk  |t 0 
952 f f |a Texas A&M University  |b College Station  |c Sterling C. Evans Library  |d Evans: Library Stacks  |e TK1 .E266  |h Library of Congress classification  |i unmediated -- volume  |k v.54:no.1-6  |l 2009:Jan.8-Mar.19  |m A14838813442  |p serial  |s Evans stk  |t 0 
952 f f |a Texas A&M University  |b College Station  |c Sterling C. Evans Library  |d Evans: Library Stacks  |e TK1 .E266  |h Library of Congress classification  |i unmediated -- volume  |k v.44:no.14-17  |l 1999:July-Aug.  |m A14825971118  |p serial  |s Evans stk  |t 0 
952 f f |a Texas A&M University  |b College Station  |c Sterling C. Evans Library  |d Evans: Library Stacks  |e TK1 .E266  |h Library of Congress classification  |i unmediated -- volume  |k v.45:no.25-26  |l 2000:Dec.  |m A14827934112  |p serial  |s Evans stk  |t 0 
952 f f |a Texas A&M University  |b College Station  |c Sterling C. Evans Library  |d Evans: Library Stacks  |e TK1 .E266  |h Library of Congress classification  |i unmediated -- volume  |k v.36:no.23-24  |l 1991  |m A14815527022  |p serial  |s Evans stk  |t 0 
952 f f |a Texas A&M University  |b College Station  |c Sterling C. Evans Library  |d Evans: Library Stacks  |e TK1 .E266  |h Library of Congress classification  |i unmediated -- volume  |k v.56:no.7-12  |l 2011:Apr.7-June 23  |m A14842050982  |p serial  |s Evans stk  |t 0 
952 f f |a Texas A&M University  |b College Station  |c Sterling C. Evans Library  |d Evans: Library Stacks  |e TK1 .E266  |h Library of Congress classification  |i unmediated -- volume  |k v.34:no.10-11  |l 1989  |m A14812034290  |p serial  |s Evans stk  |t 0 
952 f f |a Texas A&M University  |b College Station  |c Sterling C. Evans Library  |d Evans: Library Stacks  |e TK1 .E266  |h Library of Congress classification  |i unmediated -- volume  |k v.33:no.1-2  |l 1987  |m A14811385185  |p serial  |s Evans stk  |t 0 
952 f f |a Texas A&M University  |b College Station  |c Sterling C. Evans Library  |d Evans: Library Stacks  |e TK1 .E266  |h Library of Congress classification  |i unmediated -- volume  |k v.35:no.13-15  |l 1990  |m A14812962590  |p serial  |s Evans stk  |t 0 
952 f f |a Texas A&M University  |b College Station  |c Sterling C. Evans Library  |d Evans: Library Stacks  |e TK1 .E266  |h Library of Congress classification  |i unmediated -- volume  |k v.39:no.16-18  |l 1994:Aug.4-Sept.1  |m A14818402069  |p serial  |s Evans stk  |t 0 
952 f f |a Texas A&M University  |b College Station  |c Sterling C. Evans Library  |d Evans: Library Stacks  |e TK1 .E266  |h Library of Congress classification  |i unmediated -- volume  |k v.48:no.1-4  |l 2003:Jan.9-Feb.20  |m A14830648966  |p serial  |s Evans stk  |t 0 
952 f f |a Texas A&M University  |b College Station  |c Sterling C. Evans Library  |d Evans: Library Stacks  |e TK1 .E266  |h Library of Congress classification  |i unmediated -- volume  |k v.44:no.10-11  |l 1999:May  |m A14824908811  |p serial  |s Evans stk  |t 0 
952 f f |a Texas A&M University  |b College Station  |c Sterling C. Evans Library  |d Evans: Library Stacks  |e TK1 .E266  |h Library of Congress classification  |i unmediated -- volume  |k v.33:no.9-10  |l 1987  |m A14811384692  |p serial  |s Evans stk  |t 0 
952 f f |a Texas A&M University  |b College Station  |c Sterling C. Evans Library  |d Evans: Library Stacks  |e TK1 .E266  |h Library of Congress classification  |i unmediated -- volume  |k v.33:no.19-21  |l 1988  |m A14811635857  |p serial  |s Evans stk  |t 0 
952 f f |a Texas A&M University  |b College Station  |c Sterling C. Evans Library  |d Evans: Library Stacks  |e TK1 .E266  |h Library of Congress classification  |i unmediated -- volume  |k v.37:no.16-18  |l 1992:Aug.6-Sept.3  |m A14817930679  |p serial  |s Evans stk  |t 0 
952 f f |a Texas A&M University  |b College Station  |c Sterling C. Evans Library  |d Evans: Library Stacks  |e TK1 .E266  |h Library of Congress classification  |i unmediated -- volume  |k v.46:no.25-26  |l 2001:Nov.8-22  |m A14828580801  |p serial  |s Evans stk  |t 0 
952 f f |a Texas A&M University  |b College Station  |c Sterling C. Evans Library  |d Evans: Library Stacks  |e TK1 .E266  |h Library of Congress classification  |i unmediated -- volume  |k v.52:issue 21-26  |l 2007:Oct.11-Dec.14  |m A14837116782  |p serial  |s Evans stk  |t 0 
952 f f |a Texas A&M University  |b College Station  |c Sterling C. Evans Library  |d Evans: Library Stacks  |e TK1 .E266  |h Library of Congress classification  |i unmediated -- volume  |k v.38:no.25-26  |l 1993:Dec.  |m A14817930132  |p serial  |s Evans stk  |t 0 
952 f f |a Texas A&M University  |b College Station  |c Sterling C. Evans Library  |d Evans: Library Stacks  |e TK1 .E266  |h Library of Congress classification  |i unmediated -- volume  |k v.43:no.16-17  |l 1998:Aug.  |m A14823514253  |p serial  |s Evans stk  |t 0 
952 f f |a Texas A&M University  |b College Station  |c Sterling C. Evans Library  |d Evans: Library Stacks  |e TK1 .E266  |h Library of Congress classification  |i unmediated -- volume  |k v.35:no.22-23  |l 1990  |m A14812962744  |p serial  |s Evans stk  |t 0 
952 f f |a Texas A&M University  |b College Station  |c Sterling C. Evans Library  |d Evans: Library Stacks  |e TK1 .E266  |h Library of Congress classification  |i unmediated -- volume  |k v.56:no.13-19  |l 2011:July 1-Oct.6  |m A14839099643  |p serial  |s Evans stk  |t 0 
952 f f |a Texas A&M University  |b College Station  |c Sterling C. Evans Library  |d Evans: Library Stacks  |e TK1 .E266  |h Library of Congress classification  |i unmediated -- volume  |k v.40:no.19-21  |l 1995:Sept.14-Oct.12  |m A14819564408  |p serial  |s Evans stk  |t 0 
952 f f |a Texas A&M University  |b College Station  |c Sterling C. Evans Library  |d Evans: Library Stacks  |e TK1 .E266  |h Library of Congress classification  |i unmediated -- volume  |k v.40:no.10-12  |l 1995:May 11-June 8  |m A14819170356  |p serial  |s Evans stk  |t 0 
952 f f |a Texas A&M University  |b College Station  |c Sterling C. Evans Library  |d Evans: Library Stacks  |e TK1 .E266  |h Library of Congress classification  |i unmediated -- volume  |k v.40:no.26:Suppl.  |l 1995:Dec.22  |m A14819563606  |p serial  |s Evans stk  |t 0 
952 f f |a Texas A&M University  |b College Station  |c Sterling C. Evans Library  |d Evans: Library Stacks  |e TK1 .E266  |h Library of Congress classification  |i unmediated -- volume  |k v.42:no.20-21  |l 1997:Sept.25-Oct.9  |m A14822160629  |p serial  |s Evans stk  |t 0 
952 f f |a Texas A&M University  |b College Station  |c Sterling C. Evans Library  |d Evans: Library Stacks  |e TK1 .E266  |h Library of Congress classification  |i unmediated -- volume  |k v.45:no.16-17  |l 2000:Aug.  |m A14827256310  |p serial  |s Evans stk  |t 0 
952 f f |a Texas A&M University  |b College Station  |c Sterling C. Evans Library  |d Evans: Library Stacks  |e TK1 .E266  |h Library of Congress classification  |i unmediated -- volume  |k v.45:no.1-2  |l 2000:Jan.6-20  |m A14825744781  |p serial  |s Evans stk  |t 0 
952 f f |a Texas A&M University  |b College Station  |c Sterling C. Evans Library  |d Evans: Library Stacks  |e TK1 .E266  |h Library of Congress classification  |i unmediated -- volume  |k v.57:no. 1-3  |l 2012:Jan.5-Feb.2  |m A14842050834  |p serial  |s Evans stk  |t 0 
952 f f |a Texas A&M University  |b College Station  |c Sterling C. Evans Library  |d Evans: Library Stacks  |e TK1 .E266  |h Library of Congress classification  |i unmediated -- volume  |k v.45:no.23-24  |l 2000:Nov.  |m A14827934154  |p serial  |s Evans stk  |t 0 
952 f f |a Texas A&M University  |b College Station  |c Sterling C. Evans Library  |d Evans: Library Stacks  |e TK1 .E266  |h Library of Congress classification  |i unmediated -- volume  |k v.38:no.22-24  |l 1993:Oct.28-Nov.25  |m A14817930124  |p serial  |s Evans stk  |t 0 
952 f f |a Texas A&M University  |b College Station  |c Sterling C. Evans Library  |d Evans: Library Stacks  |e TK1 .E266  |h Library of Congress classification  |i unmediated -- volume  |k v.49:no.10-13  |l 2004:May 13-June 24  |m A14832180980  |p serial  |s Evans stk  |t 0 
952 f f |a Texas A&M University  |b College Station  |c Sterling C. Evans Library  |d Evans: Library Stacks  |e TK1 .E266  |h Library of Congress classification  |i unmediated -- volume  |k v.46:no.3-4  |l 2001:Feb.  |m A14827934235  |p serial  |s Evans stk  |t 0 
952 f f |a Texas A&M University  |b College Station  |c Sterling C. Evans Library  |d Evans: Library Stacks  |e TK1 .E266  |h Library of Congress classification  |i unmediated -- volume  |k v.40:no.22:Suppl.  |l 1995:Oct.26  |m A14819563614  |p serial  |s Evans stk  |t 0 
952 f f |a Texas A&M University  |b College Station  |c Sterling C. Evans Library  |d Evans: Library Stacks  |e TK1 .E266  |h Library of Congress classification  |i unmediated -- volume  |k v.55:no. 15-19  |l 2010:Aug.12-Oct.7  |m A14842050958  |p serial  |s Evans stk  |t 0 
952 f f |a Texas A&M University  |b College Station  |c Sterling C. Evans Library  |d Evans: Library Stacks  |e TK1 .E266  |h Library of Congress classification  |i unmediated -- volume  |k v.56:no.20-24  |l 2011:Oct.20-Dec.15  |m A14842050826  |p serial  |s Evans stk  |t 0 
952 f f |a Texas A&M University  |b College Station  |c Sterling C. Evans Library  |d Evans: Library Stacks  |e TK1 .E266  |h Library of Congress classification  |i unmediated -- volume  |k v.43:no.8-9  |l 1998:Apr.  |m A14823625826  |p serial  |s Evans stk  |t 0 
952 f f |a Texas A&M University  |b College Station  |c Sterling C. Evans Library  |d Evans: Library Stacks  |e TK1 .E266  |h Library of Congress classification  |i unmediated -- volume  |k v.43:no.14-15  |l 1998:July  |m A14823514407  |p serial  |s Evans stk  |t 0 
952 f f |a Texas A&M University  |b College Station  |c Sterling C. Evans Library  |d Evans: Library Stacks  |e TK1 .E266  |h Library of Congress classification  |i unmediated -- volume  |k v.44:no.18-22  |l 1999:Aug.-Sept.  |m A14825971079  |p serial  |s Evans stk  |t 0 
952 f f |a Texas A&M University  |b College Station  |c Sterling C. Evans Library  |d Evans: Library Stacks  |e TK1 .E266  |h Library of Congress classification  |i unmediated -- volume  |k v.46:no.13-14  |l 2001:June  |m A14827934390  |p serial  |s Evans stk  |t 0 
952 f f |a Texas A&M University  |b College Station  |c Sterling C. Evans Library  |d Evans: Library Stacks  |e TK1 .E266  |h Library of Congress classification  |i unmediated -- volume  |k v.49:no.1-6  |l 2004:Jan.8-Mar.18  |m A14831822262  |p serial  |s Evans stk  |t 0 
952 f f |a Texas A&M University  |b College Station  |c Sterling C. Evans Library  |d Evans: Library Stacks  |e TK1 .E266  |h Library of Congress classification  |i unmediated -- volume  |k v.33:no.3-4  |l 1987  |m A14811385232  |p serial  |s Evans stk  |t 0 
952 f f |a Texas A&M University  |b College Station  |c Sterling C. Evans Library  |d Evans: Library Stacks  |e TK1 .E266  |h Library of Congress classification  |i unmediated -- volume  |k v.43:no.10-11  |l 1998:May  |m A14823625973  |p serial  |s Evans stk  |t 0 
952 f f |a Texas A&M University  |b College Station  |c Sterling C. Evans Library  |d Evans: Library Stacks  |e TK1 .E266  |h Library of Congress classification  |i unmediated -- volume  |k v.53:issue 1-6  |l 2008:Jan.10-Mar.20  |m A14837116790  |p serial  |s Evans stk  |t 0 
952 f f |a Texas A&M University  |b College Station  |c Sterling C. Evans Library  |d Evans: Library Stacks  |e TK1 .E266  |h Library of Congress classification  |i unmediated -- volume  |k v.34:no.22-23  |l 1989  |m A14812046433  |p serial  |s Evans stk  |t 0 
952 f f |a Texas A&M University  |b College Station  |c Sterling C. Evans Library  |d Evans: Library Stacks  |e TK1 .E266  |h Library of Congress classification  |i unmediated -- volume  |k v.42:no.3-4  |l 1997:Feb.  |m A14821237172  |p serial  |s Evans stk  |t 0 
952 f f |a Texas A&M University  |b College Station  |c Sterling C. Evans Library  |d Evans: Library Stacks  |e TK1 .E266  |h Library of Congress classification  |i unmediated -- volume  |k v.40:no.25-26  |l 1995:Dec.  |m A14819564741  |p serial  |s Evans stk  |t 0 
952 f f |a Texas A&M University  |b College Station  |c Sterling C. Evans Library  |d Evans: Library Stacks  |e TK1 .E266  |h Library of Congress classification  |i unmediated -- volume  |k v.42:no.8-9  |l 1997:Apr.  |m A14821448919  |p serial  |s Evans stk  |t 0 
952 f f |a Texas A&M University  |b College Station  |c Sterling C. Evans Library  |d Evans: Library Stacks  |e TK1 .E266  |h Library of Congress classification  |i unmediated -- volume  |k v.36:no.20-22  |l 1991:Oct.  |m A14815317346  |p serial  |s Evans stk  |t 0 
952 f f |a Texas A&M University  |b College Station  |c Sterling C. Evans Library  |d Evans: Library Stacks  |e TK1 .E266  |h Library of Congress classification  |i unmediated -- volume  |k v.54:no.12-18  |l 2009:July 9-Sept.17  |m A14839099588  |p serial  |s Evans stk  |t 0 
952 f f |a Texas A&M University  |b College Station  |c Sterling C. Evans Library  |d Evans: Library Stacks  |e TK1 .E266  |h Library of Congress classification  |i unmediated -- volume  |k v.58:no.1-6  |l 2013:Jan.-June  |m A14842050768  |p serial  |s Evans stk  |t 0 
952 f f |a Texas A&M University  |b College Station  |c Sterling C. Evans Library  |d Evans: Library Stacks  |e TK1 .E266  |h Library of Congress classification  |i unmediated -- volume  |k v.48:no.15-21  |l 2003:July 10-Sept.25  |m A14831822220  |p serial  |s Evans stk  |t 0 
952 f f |a Texas A&M University  |b College Station  |c Sterling C. Evans Library  |d Evans: Library Stacks  |e TK1 .E266  |h Library of Congress classification  |i unmediated -- volume  |k v.37:no.13-15  |l 1992:June 18-July 20  |m A14817930726  |p serial  |s Evans stk  |t 0 
952 f f |a Texas A&M University  |b College Station  |c Sterling C. Evans Library  |d Evans: Library Stacks  |e TK1 .E266  |h Library of Congress classification  |i unmediated -- volume  |k v.41:no.25-26  |l 1996:Dec.  |m A14821237431  |p serial  |s Evans stk  |t 0 
952 f f |a Texas A&M University  |b College Station  |c Sterling C. Evans Library  |d Evans: Library Stacks  |e TK1 .E266  |h Library of Congress classification  |i unmediated -- volume  |k v.50:no.1-7  |l 2005:Jan.6-Mar.31  |m A14833683826  |p serial  |s Evans stk  |t 0 
952 f f |a Texas A&M University  |b College Station  |c Sterling C. Evans Library  |d Evans: Library Stacks  |e TK1 .E266  |h Library of Congress classification  |i unmediated -- volume  |k v.45:no.8-9  |l 2000:Apr.  |m A14827256158  |p serial  |s Evans stk  |t 0 
952 f f |a Texas A&M University  |b College Station  |c Sterling C. Evans Library  |d Evans: Library Stacks  |e TK1 .E266  |h Library of Congress classification  |i unmediated -- volume  |k v.33:no.16-18  |l 1988  |m A14811633229  |p serial  |s Evans stk  |t 0 
952 f f |a Texas A&M University  |b College Station  |c Sterling C. Evans Library  |d Evans: Library Stacks  |e TK1 .E266  |h Library of Congress classification  |i unmediated -- volume  |k v.42:no.14-15  |l 1997:July  |m A14822160475  |p serial  |s Evans stk  |t 0 
952 f f |a Texas A&M University  |b College Station  |c Sterling C. Evans Library  |d Evans: Library Stacks  |e TK1 .E266  |h Library of Congress classification  |i unmediated -- volume  |k v.54:no.19-24  |l 2009:Oct.8-Dec.15  |m A14839099635  |p serial  |s Evans stk  |t 0 
952 f f |a Texas A&M University  |b College Station  |c Sterling C. Evans Library  |d Evans: Library Stacks  |e TK1 .E266  |h Library of Congress classification  |i unmediated -- volume  |k v.44:no.7-9  |l 1999:Apr.  |m A14824908829  |p serial  |s Evans stk  |t 0 
952 f f |a Texas A&M University  |b College Station  |c Sterling C. Evans Library  |d Evans: Library Stacks  |e TK1 .E266  |h Library of Congress classification  |i unmediated -- volume  |k v.41:no.23-24  |l 1996:Nov.  |m A14821237384  |p serial  |s Evans stk  |t 0 
952 f f |a Texas A&M University  |b College Station  |c Sterling C. Evans Library  |d Evans: Library Stacks  |e TK1 .E266  |h Library of Congress classification  |i unmediated -- volume  |k v.37:no.19-21  |l 1992:Sept.17-Oct.15  |m A14817930629  |p serial  |s Evans stk  |t 0 
952 f f |a Texas A&M University  |b College Station  |c Sterling C. Evans Library  |d Evans: Library Stacks  |e TK1 .E266  |h Library of Congress classification  |i unmediated -- volume  |k v.56:no. 1-6  |l 2011:Jan.6-Mar.17  |m A14842050974  |p serial  |s Evans stk  |t 0 
952 f f |a Texas A&M University  |b College Station  |c Sterling C. Evans Library  |d Evans: Library Stacks  |e TK1 .E266  |h Library of Congress classification  |i unmediated -- volume  |k v.39:no.1-3  |l 1994:Jan.6-Feb.3  |m A14818812573  |p serial  |s Evans stk  |t 0 
952 f f |a Texas A&M University  |b College Station  |c Sterling C. Evans Library  |d Evans: Library Stacks  |e TK1 .E266  |h Library of Congress classification  |i unmediated -- volume  |k v.42:no.16-17  |l 1997:Aug.  |m A14822160522  |p serial  |s Evans stk  |t 0 
952 f f |a Texas A&M University  |b College Station  |c Sterling C. Evans Library  |d Evans: Library Stacks  |e TK1 .E266  |h Library of Congress classification  |i unmediated -- volume  |k v.51:no.1-7  |l 2006:Jan.5-Mar. 30  |m A14834634024  |p serial  |s Evans stk  |t 0 
952 f f |a Texas A&M University  |b College Station  |c Sterling C. Evans Library  |d Evans: Library Stacks  |e TK1 .E266  |h Library of Congress classification  |i unmediated -- volume  |k v.33:no.13-14  |l 1988  |m A14811621060  |p serial  |s Evans stk  |t 0 
952 f f |a Texas A&M University  |b College Station  |c Sterling C. Evans Library  |d Evans: Library Stacks  |e TK1 .E266  |h Library of Congress classification  |i unmediated -- volume  |k v.42:no.5-7  |l 1997:Mar.  |m A14821441365  |p serial  |s Evans stk  |t 0 
952 f f |a Texas A&M University  |b College Station  |c Sterling C. Evans Library  |d Evans: Library Stacks  |e TK1 .E266  |h Library of Congress classification  |i unmediated -- volume  |k v.38:no.13-15  |l 1993:June 24-July 22  |m A14817930271  |p serial  |s Evans stk  |t 0 
952 f f |a Texas A&M University  |b College Station  |c Sterling C. Evans Library  |d Evans: Library Stacks  |e TK1 .E266  |h Library of Congress classification  |i unmediated -- volume  |k v.46:no.8-9  |l 2001:Apr.  |m A14827934316  |p serial  |s Evans stk  |t 0 
952 f f |a Texas A&M University  |b College Station  |c Sterling C. Evans Library  |d Evans: Library Stacks  |e TK1 .E266  |h Library of Congress classification  |i unmediated -- volume  |k v.42:no.12-13  |l 1997:June  |m A14822160425  |p serial  |s Evans stk  |t 0 
952 f f |a Texas A&M University  |b College Station  |c Sterling C. Evans Library  |d Evans: Library Stacks  |e TK1 .E266  |h Library of Congress classification  |i unmediated -- volume  |k v.41:no.13-15  |l 1996:June 20-July 18  |m A14820708497  |p serial  |s Evans stk  |t 0 
952 f f |a Texas A&M University  |b College Station  |c Sterling C. Evans Library  |d Evans: Library Stacks  |e TK1 .E266  |h Library of Congress classification  |i unmediated -- volume  |k v.34:no.1-3  |l 1989  |m A14811846911  |p serial  |s Evans stk  |t 0 
952 f f |a Texas A&M University  |b College Station  |c Sterling C. Evans Library  |d Evans: Library Stacks  |e TK1 .E266  |h Library of Congress classification  |i unmediated -- volume  |k v.44:no.5-6  |l 1999:Mar.  |m A14824908837  |p serial  |s Evans stk  |t 0 
952 f f |a Texas A&M University  |b College Station  |c Sterling C. Evans Library  |d Evans: Library Stacks  |e TK1 .E266  |h Library of Congress classification  |i unmediated -- volume  |k v.55:no.8-14  |l 2010:Apr.22-July 29  |m A14842050941  |p serial  |s Evans stk  |t 0 
952 f f |a Texas A&M University  |b College Station  |c Sterling C. Evans Library  |d Evans: Library Stacks  |e TK1 .E266  |h Library of Congress classification  |i unmediated -- volume  |k v.47:no.1-4  |l 2002:Jan.10-Feb.21  |m A14828595864  |p serial  |s Evans stk  |t 0 
952 f f |a Texas A&M University  |b College Station  |c Sterling C. Evans Library  |d Evans: Library Stacks  |e TK1 .E266  |h Library of Congress classification  |i unmediated -- volume  |k v.46:no.10-12  |l 2001:May  |m A14827934358  |p serial  |s Evans stk  |t 0 
952 f f |a Texas A&M University  |b College Station  |c Sterling C. Evans Library  |d Evans: Library Stacks  |e TK1 .E266  |h Library of Congress classification  |i unmediated -- volume  |k v.35:no.7-9  |l 1990  |m A14812962493  |p serial  |s Evans stk  |t 0 
952 f f |a Texas A&M University  |b College Station  |c Sterling C. Evans Library  |d Evans: Library Stacks  |e TK1 .E266  |h Library of Congress classification  |i unmediated -- volume  |k v.50:no.8-13  |l 2005:Apr.14-June 23  |m A14832880475  |p serial  |s Evans stk  |t 0 
952 f f |a Texas A&M University  |b College Station  |c Sterling C. Evans Library  |d Evans: Library Stacks  |e TK1 .E266  |h Library of Congress classification  |i unmediated -- volume  |k v.40:no.16-18  |l 1995:Aug.3-Sept.1  |m A14819389997  |p serial  |s Evans stk  |t 0 
952 f f |a Texas A&M University  |b College Station  |c Sterling C. Evans Library  |d Evans: Library Stacks  |e TK1 .E266  |h Library of Congress classification  |i unmediated -- volume  |k v.43:no.12-13  |l 1998:June  |m A14823626026  |p serial  |s Evans stk  |t 0 
952 f f |a Texas A&M University  |b College Station  |c Sterling C. Evans Library  |d Evans: Library Stacks  |e TK1 .E266  |h Library of Congress classification  |i unmediated -- volume  |k v.47:no.19-24  |l 2002:Sept.5-Oct.31  |m A14829650861  |p serial  |s Evans stk  |t 0 
952 f f |a Texas A&M University  |b College Station  |c Sterling C. Evans Library  |d Evans: Library Stacks  |e TK1 .E266  |h Library of Congress classification  |i unmediated -- volume  |k v.44:no.3-4  |l 1999:Feb.  |m A14824908845  |p serial  |s Evans stk  |t 0 
952 f f |a Texas A&M University  |b College Station  |c Sterling C. Evans Library  |d Evans: Library Stacks  |e TK1 .E266  |h Library of Congress classification  |i unmediated -- volume  |k v.50:no.21-26  |l 2005:Oct.13-Dec. 6  |m A14834633947  |p serial  |s Evans stk  |t 0 
952 f f |a Texas A&M University  |b College Station  |c Sterling C. Evans Library  |d Evans: Library Stacks  |e TK1 .E266  |h Library of Congress classification  |i unmediated -- volume  |k v.35:no.1-3  |l 1990  |m A14814677214  |p serial  |s Evans stk  |t 0 
952 f f |a Texas A&M University  |b College Station  |c Sterling C. Evans Library  |d Evans: Library Stacks  |e TK1 .E266  |h Library of Congress classification  |i unmediated -- volume  |k v.47:no.25-28  |l 2002:Nov.14-Dec.26  |m A14830648720  |p serial  |s Evans stk  |t 0 
952 f f |a Texas A&M University  |b College Station  |c Sterling C. Evans Library  |d Evans: Library Stacks  |e TK1 .E266  |h Library of Congress classification  |i unmediated -- volume  |k v.41:no.1-3  |l 1996:Jan.4-Feb.1  |m A14820113391  |p serial  |s Evans stk  |t 0 
952 f f |a Texas A&M University  |b College Station  |c Sterling C. Evans Library  |d Evans: Library Stacks  |e TK1 .E266  |h Library of Congress classification  |i unmediated -- volume  |k v.39:no.10-12  |l 1994:May 12-June 9  |m A14818401966  |p serial  |s Evans stk  |t 0 
952 f f |a Texas A&M University  |b College Station  |c Sterling C. Evans Library  |d Evans: Library Stacks  |e TK1 .E266  |h Library of Congress classification  |i unmediated -- volume  |k v.44:no.12-13  |l 1999:June  |m A14824908803  |p serial  |s Evans stk  |t 0 
952 f f |a Texas A&M University  |b College Station  |c Sterling C. Evans Library  |d Evans: Library Stacks  |e TK1 .E266  |h Library of Congress classification  |i unmediated -- volume  |k v.33:no.23-24  |l 1988  |m A14811713281  |p serial  |s Evans stk  |t 0 
952 f f |a Texas A&M University  |b College Station  |c Sterling C. Evans Library  |d Evans: Library Stacks  |e TK1 .E266  |h Library of Congress classification  |i unmediated -- volume  |k v.43:no.5-7  |l 1998:Mar.  |m A14823625779  |p serial  |s Evans stk  |t 0 
952 f f |a Texas A&M University  |b College Station  |c Sterling C. Evans Library  |d Evans: Library Stacks  |e TK1 .E266  |h Library of Congress classification  |i unmediated -- volume  |k v.42:no.10-11  |l 1997:May  |m A14821237237  |p serial  |s Evans stk  |t 0 
952 f f |a Texas A&M University  |b College Station  |c Sterling C. Evans Library  |d Evans: Library Stacks  |e TK1 .E266  |h Library of Congress classification  |i unmediated -- volume  |k v.45:no.10-11  |l 2000:May  |m A14827256239  |p serial  |s Evans stk  |t 0 
952 f f |a Texas A&M University  |b College Station  |c Sterling C. Evans Library  |d Evans: Library Stacks  |e TK1 .E266  |h Library of Congress classification  |i unmediated -- volume  |k v.46:no.21-22  |l 2001:Sept.20-27  |m A14828580885  |p serial  |s Evans stk  |t 0 
952 f f |a Texas A&M University  |b College Station  |c Sterling C. Evans Library  |d Evans: Library Stacks  |e TK1 .E266  |h Library of Congress classification  |i unmediated -- volume  |k v.52:no.8-11  |l 2007:Apr.12-May 24  |m A14836138414  |p serial  |s Evans stk  |t 0 
952 f f |p serial  |a Texas A&M University  |b College Station  |c Sterling C. Evans Library  |s Evans stk  |d Evans: Library Stacks  |t 0  |e TK1 .E266  |h Library of Congress classification  |i unmediated -- volume  |k 1991:Suppl.  |m A14815331188 
952 f f |a Texas A&M University  |b College Station  |c Sterling C. Evans Library  |d Evans: Library Stacks  |e TK1 .E266  |h Library of Congress classification  |i unmediated -- volume  |k v.40:no.22-24  |l 1995:Oct.26-Nov.23  |m A14819564791  |p serial  |s Evans stk  |t 0 
952 f f |a Texas A&M University  |b College Station  |c Sterling C. Evans Library  |d Evans: Library Stacks  |e TK1 .E266  |h Library of Congress classification  |i unmediated -- volume  |k v.39:no.12:Suppl.  |l 1994:June 9  |m A14818401275  |p serial  |s Evans stk  |t 0 
952 f f |a Texas A&M University  |b College Station  |c Sterling C. Evans Library  |d Evans: Library Stacks  |e TK1 .E266  |h Library of Congress classification  |i unmediated -- volume  |k v.44:no.1-2  |l 1999:Jan.  |m A14824908853  |p serial  |s Evans stk  |t 0 
952 f f |a Texas A&M University  |b College Station  |c Sterling C. Evans Library  |d Evans: Library Stacks  |e TK1 .E266  |h Library of Congress classification  |i unmediated -- volume  |k v.37:no.1-3  |l 1992  |m A14815665692  |p serial  |s Evans stk  |t 0 
952 f f |a Texas A&M University  |b College Station  |c Sterling C. Evans Library  |d Evans: Library Stacks  |e TK1 .E266  |h Library of Congress classification  |i unmediated -- volume  |k v.33:no.11-12  |l 1988  |m A14811384749  |p serial  |s Evans stk  |t 0 
952 f f |a Texas A&M University  |b College Station  |c Sterling C. Evans Library  |d Evans: Library Stacks  |e TK1 .E266  |h Library of Congress classification  |i unmediated -- volume  |k v.45:no.3-4  |l 2000:Feb.3-17  |m A14825744715  |p serial  |s Evans stk  |t 0 
952 f f |a Texas A&M University  |b College Station  |c Sterling C. Evans Library  |d Evans: Library Stacks  |e TK1 .E266  |h Library of Congress classification  |i unmediated -- volume  |k v.43:no.21-22  |l 1998:Oct.  |m A14824908887  |p serial  |s Evans stk  |t 0 
952 f f |a Texas A&M University  |b College Station  |c Sterling C. Evans Library  |d Evans: Library Stacks  |e TK1 .E266  |h Library of Congress classification  |i unmediated -- volume  |k v.47:no.15-18  |l 2002:July 11-Aug.22  |m A14829650829  |p serial  |s Evans stk  |t 0 
952 f f |a Texas A&M University  |b College Station  |c Sterling C. Evans Library  |d Evans: Library Stacks  |e TK1 .E266  |h Library of Congress classification  |i unmediated -- volume  |k v.33:no.15  |l 1988  |m A14811621117  |p serial  |s Evans stk  |t 0 
998 f f |a TK1 .E266  |s v.58:no.1-6 (2013:Jan.-June)  |t 0  |l Evans: Library Stacks